000 00522nam a22001697a 4500
003 BD-DhUL
005 20180312105943.0
008 180312s1939 ii ||||| |||| 00| 0 urd d
040 _aBD-DhUL
_cBD-DhUL
082 _a297.9
_bABT
100 0 _aعبد السّلام ندوی
245 1 _aتاریخ اخلاق اسلامی /
_cعبد السّلام ندوی
260 _aاعظم گڈہ :
_bمطبع معارف،
_c۔۱۹۳۹
300 _aص۔ ۲۷۴ ؛
_c۲۸ سم۔
650 0 _aIslam - History
942 _2ddc
_cBK
999 _c239126
_d239126